Geography Quiz

Random Geography or City Quiz

100 Largest Maine Towns Quiz Stats

 Plays Quiz not verified by Sporcle

Score 0/100 Timer 12:00
0 Plays Today
Rank Town % Correct
1Portland
98.9%
3Bangor
95.6%
4South Portland
95.2%
11Augusta
95%
2Lewiston
93.9%
5Auburn
90.8%
10Saco
90.2%
8Brunswick
88.5%
18Kennebunk
87.1%
16York
86.3%
6Biddeford
85.8%
22Kittery
85.4%
15Waterville
85.2%
7Sanford
84.5%
9Scarborough
84.3%
23Presque Isle
84.1%
31Bath
83.4%
100Kennebunkport
82.6%
19Orono
81.9%
12Westbrook
81.7%
30Yarmouth
81.7%
45Rockland
81.3%
21Wells
80.8%
35Ellsworth
80.8%
17Falmouth
80.4%
13Windham
79.3%
34Caribou
79.1%
14Gorham
78.4%
50Houlton
78%
39Farmington
76.5%
47Belfast
76.5%
67Camden
76.5%
33Freeport
76.3%
38Old Town
76.3%
Rank Town % Correct
59Bar Harbor
76%
28Old Orchard Beach
75.2%
24Brewer
74.7%
29Skowhegan
74.5%
25Cape Elizabeth
73%
27Topsham
72.8%
83Dover-Foxcroft
70.8%
43Hampden
70.4%
62Lincoln
70.4%
55Gardiner
70.2%
61Paris
69.1%
42Cumberland
68.8%
41Berwick
68.6%
74Millinocket
67.5%
20Standish
67.3%
85Oxford
67.1%
26Lisbon
66.7%
44South Berwick
66.7%
53Rumford
65.8%
87Fort Kent
65.1%
36Gray
64.9%
80China
62.5%
32Buxton
61.7%
64Norway
61.7%
68Jay
61.2%
46Fairfield
60.8%
72North Berwick
60.6%
58Poland
60.1%
48Oakland
59.7%
39Waterboro
59.5%
92Durham
58.8%
37Winslow
58.4%
99North Yarmouth
58%
97Wiscasset
56.9%
Rank Town % Correct
89Madawaska
56.6%
69Madison
56.2%
90Naples
54.7%
48Eliot
54%
81Sidney
52.9%
51Winthrop
52.7%
54Turner
52.7%
65Bucksport
51.4%
82Pittsfield
51.2%
78Vassalboro
51%
60Bridgton
50.1%
75Raymond
50.1%
56New Gloucester
48.8%
71Warren
48.6%
63Waldoboro
47.1%
91Dexter
47.1%
57Hermon
46.2%
52Lebanon
45.8%
77Greene
45.8%
86Monmouth
42.5%
88Arundel
41.2%
98Litchfield
41.2%
70Harpswell
40.5%
94Casco
40.3%
66Sabattus
37.5%
76Lyman
37%
84Wilton
37%
93Winterport
36.8%
79Hollis
36.4%
96Limington
34.2%
95Orrington
32.9%
73Glenburn
26.1%

You're not logged in!

Compare scores with friends on all Sporcle quizzes.
OR
Log In

Sporcle TV

Today on Sporcle TV


Watch our educational content, quiz creation guides, and fun videos on Sporcle TV.

Show Comments

Extras

Top Quizzes Today


Score Distribution

Your Account Isn't Verified!

In order to create a playlist on Sporcle, you need to verify the email address you used during registration. Go to your Sporcle Settings to finish the process.

Report this User

Report this user for behavior that violates our Community Guidelines.

Details: